书目信息 |
| 题名: |
综合教程
|
|
| 作者: | 何兆熊 主编 ;朱永生 册主编 | |
| 分册: | 第四册 学生用书 | |
| 出版信息: | 上海 上海外语教育出版社 2004 |
|
| 页数: | 272页 | |
| 开本: | 26cm | |
| 丛书名: | ||
| 单 册: | ||
| 中图分类: | H31 | |
| 科图分类: | ||
| 主题词: | 英语--高等学校--教材 | |
| 电子资源: | ||
| ISBN: | 7-81095-354-0 | |
| 000 | 01017nam0 2200253 450 | |
| 001 | TS2006038067 | |
| 005 | 20070108154416.31 | |
| 010 | @a7-81095-354-0@dCNY21.50 | |
| 100 | @a20060829d2004 em y0chiy0110 ea | |
| 101 | 0 | @achi@aeng |
| 102 | @aCN@b310000 | |
| 105 | @ay z 000yy | |
| 200 | 1 | @a综合教程@AZong He Jiao Cheng@h第四册@HDi Si Ce@i学生用书@IXue Sheng Yong Shu@f何兆熊主编@FHe Zhao Xiong Zhu Bian@g朱永生册主编 |
| 210 | @a上海@c上海外语教育出版社@d2004 | |
| 215 | @a272页@d26cm | |
| 300 | @a普通高等教育“十五”国家级规划教材 新世纪高等院校英语专业本科生系列教材 | |
| 330 | @a本册共有16个单元,每个单元由Text I、Text II和相关的练习构成。课文内容涉及战争与和平、科技与伦理、竞争与合作、人类与自然、爱情与友谊等课题。 | |
| 510 | 1 | @aAn Integrated English Course@hBook 4@iStudent's Book@zeng |
| 606 | 0 | @a英语@x高等学校@x教材 |
| 690 | @aH31@v4 | |
| 701 | 0 | @a何兆熊@AHe Zhao Xiong@4主编 |
| 702 | 0 | @a朱永生@AZhu Yong Sheng@4册主编 |
| 801 | 0 | @aCN@b中图数据@c20070108 |
| 905 | @a10447@dH31@e1003:4 | |
| 综合教程.第四册.学生用书/何兆熊主编/朱永生册主编.-上海:上海外语教育出版社,2004 |
| 272页;26cm |
| 普通高等教育“十五”国家级规划教材 新世纪高等院校英语专业本科生系列教材 |
| ISBN 7-81095-354-0:CNY21.50 |
| 本册共有16个单元,每个单元由Text I、Text II和相关的练习构成。课文内容涉及战争与和平、科技与伦理、竞争与合作、人类与自然、爱情与友谊等课题。 |
| ● |
| 相关链接 |
|
|
|
|
正题名:综合教程
索取号:H31/1003:4
 
预约/预借
| 序号 | 登录号 | 条形码 | 馆藏地/架位号 | 状态 | 备注 |
| 1 | 0614015 | 206140157 | 第二样本阅览室/ [索取号:H31/1003:4] | 在馆 | |
| 2 | 0614016 | 206140166 | 第四借阅区/ [索取号:H31/1003:4] | 在馆 | |
| 3 | 0614017 | 206140175 | 第四借阅区/ [索取号:H31/1003:4] | 在馆 | |
| 4 | 0614018 | 206140184 | 第四借阅区/ [索取号:H31/1003:4] | 在馆 | |
| 5 | 0614019 | 206140193 | 第四借阅区/ [索取号:H31/1003:4] | 在馆 | |
| 6 | 0614020 | 206140200 | 第四借阅区/ [索取号:H31/1003:4] | 在馆 | |
| 7 | 0614021 | 206140219 | 第四借阅区/ [索取号:H31/1003:4] | 在馆 | |
| 8 | 0614022 | 206140228 | 第四借阅区/ [索取号:H31/1003:4] | 在馆 | |
| 9 | 0614023 | 206140237 | 第四借阅区/ [索取号:H31/1003:4] | 在馆 | |
| 10 | 0614024 | 206140246 | 第四借阅区/ [索取号:H31/1003:4] | 在馆 |